Statistics for Compound Words Quiz #4

Click here to take the quiz!

General Stats

  • This quiz has been taken 34,650 times
    (13,132 since last reset)
  • The average score is 13 of 20

Answer Stats

DefinitionWord% Correct
SoccerFootball
98%
Inflatable car-safety deviceAirbag
92%
Device for catching small rodentsMousetrap
81%
Large road-side advertisementBillboard
80%
Person who chops down trees
for a living
Lumberjack
79%
Marine creature with stinging tentaclesJellyfish
78%
Used for carrying business papersBriefcase
77%
Young frogTadpole
76%
Old method of controlling a video gameJoystick
74%
Runway for modelsCatwalk
68%
Access point to the sewersManhole
68%
Architectural diagramBlueprint
67%
Physical comedy, such as getting a
pie in the face
Slapstick
65%
Hotel employee who carries luggageBellhop
64%
Leader of a board of directorsChairperson
61%
Highly-ranked chess playerGrandmaster
61%
Thin vertical line on a suit or other
piece of clothing
Pinstripe
49%
A small pit, dug out to provide
shelter from enemy fire
Foxhole
37%
Clothes-scrubbing tool or
zydeco instrument
Washboard
37%
Person who rents farmland and gives the
landlord a percentage of the output
Sharecropper
25%

Score Distribution

Percentile by Number Answered

Percent of People with Each Score

Your Score History

You have not taken this quiz since the last reset